Statistics for Braille Letters

Click here to take the quiz!

General Stats

  • This quiz has been taken 74 times
  • The average score is 16 of 26

Answer Stats

LetterBraille% Correct
A1
100%
B12
90%
C14
80%
E15
73%
I24
73%
G1245
70%
H125
70%
D145
70%
J245
70%
L123
67%
F124
67%
K13
67%
P1234
63%
M134
63%
N1345
63%
O135
63%
Q12345
60%
R1235
60%
S234
57%
T2345
53%
U136
47%
V1236
43%
X1346
43%
Z1356
40%
W2456
40%
Y13456
37%

Score Distribution

Percentile by Number Answered

Percent of People with Each Score

Your Score History

You have not taken this quiz